00287nam a22001097a 4500008004100000020001800041100002900059245003100088250000800119260004200127300000800169240805b |||||||| |||| 00| 0 eng d a9788197115295 aP. S. Jaswal & N. Jaswal aEnvironmental Law 5th Edn. a5th aFaridabadbAllahabad Law Agencyc2024 a788